| 000 | 00759nam a2200241 a 4500 | ||
|---|---|---|---|
| 001 | 000009054 | ||
| 003 | DO-SdBNP | ||
| 005 | 20250624095821.0 | ||
| 008 | 090925s1995 dr ac 001 p spa d | ||
| 040 |
_aDO-SdBNP _bspa _cBNPHU |
||
| 082 |
_aRD861.44 _bB171v, 1995 |
||
| 100 | 1 |
_a Balaguer, Joaquín, _d1906-2002 _976556 |
|
| 245 | 1 | 0 |
_aVoz silente / _cJoaquín Balaguer ; prólogo Antonio Zaglul. |
| 250 | _a3a ed. | ||
| 260 |
_aSanto Domingo : _bCorripio, _c1995. |
||
| 300 |
_a140 p. : _bil., retrs. ; _c23 cm. |
||
| 590 | _aInventariado, 2018/LP | ||
| 650 | 1 | 4 |
_aPoesía dominicana _966 |
| 650 | 1 | 0 |
_aLiteratura dominicana. _967 |
| 700 | 1 |
_aZaglul, Antonio, _d1920-1996 _epról. _969657 |
|
| 910 | _aValidado. Control de calidad MFF | ||
| 942 |
_2ddc _cLBS1 |
||
| 999 |
_c8818 _d8818 |
||